Grandes maestros de la pintura : Leonardo /

Salvato in:
Dettagli Bibliografici
Ente Autore: Sol 90 (idea original)
Altri autori: Ricart, Joan (coordinación) (coordinación), González Prieto, Antonio (investigación y texto) (investigación y texto), Tello, Antonio (investigación y texto) (investigación y texto)
Natura: Libro
Lingua:spagnolo
Pubblicazione: Barcelona, España : Guadalajara, México : Sol 90 ; Público [dist.], 2008, c2008
Serie:(Grandes Maestros de la Pintura)
Soggetti:
Tags: Aggiungi Tag
Nessun Tag, puoi essere il primo ad aggiungerne!!

MARC

LEADER 00000nam^a2200000^a^4500
001 000367509
005 20250521000000.0
008 110121 20082008
009 20260310115741.526
020 |a 978-84-9820-755-2 
025 |a Donación Juan Diego Castillo, 1 ejemplar 
037 |a Acervo ITESO - Biblioteca 
041 |a ESP 
082 |a 759.  |b GMP V. 6 
110 |a Sol 90  |e (idea original) 
240 1 1 |a [Grandes maestros de la pintura] 
245 1 0 |a Grandes maestros de la pintura :  |b Leonardo /  |c Idea original de Sol 90 ; coord. de J. Ricart ; investigación y texto de A. González Prieto, A. Tello. 
264 4 |a Barcelona, España :  |b Sol 90 ;  |a Guadalajara, México :  |b Público [dist.],  |c 2008, c2008 
300 |a 60 p. 
336 |a texto  |b txt  |2 rdacontenido 
337 |a sin mediación  |b n  |2 rdamedio 
338 |a volumen  |b nc  |2 rdasoporte 
440 1 |a (Grandes Maestros de la Pintura) 
545 0 |a Leonardo da Vinci (1452-1519) es, con Miguel Angel, la figura máxima del Renacimiento no sólo italiano, sino en general. Formado en los talleres del Verrocchio y Pollaiuolo, pronto se independizó y comenzó a crear verdaderas obras maestras del arte, entre las que se encuentra "La Mona Lisa" o "Gioconda", que es, probablemente, la pintura más famosa del mundo. Reconocido también por sus conocimientos de anatomía, aeronáutica, ingeniería militar y muchos otros campos, como artista fue un gran innovador, interesado tanto en experimentar con nuevas técnicas del óleo, como en hacer -por ejemplo- numerosos estudios para perfeccionar la caída de los pliegues de la ropa de los personajes de sus cuadros. Desarrolló gran parte de su obra bajo el mecenazgo de Ludovico Sforza, en Milán, hasta la caída de la dinastía Sforza en 1499. Un año después se trasladó a Florencia, donde recibió el encargo, junto con Miguel Angel, de crear dos gigantescos murales para la Cámara del Consejo de la República, conmemorativos de las victorias florentinas; ninguno de los dos murales fue terminado. Además de la Gioconda dejó al mundo obras tan hermosas como La adoración de los magos, la Virgen de las rocas o Dama con un armiño. 
649 |a XX 
650 |a Pintores Italianos 
650 |a Artistas Italianos 
650 |a Pintura Renacentista -  |x Historia y Crítica 
650 |a Pintura Italiana -  |x Historia y Crítica 
650 |a Arte Renacentista -  |x Historia y Crítica 
650 |a Arte Italiano -  |x Historia y Crítica 
650 |a Vinci, Leonardo da -  |x Tema Principal 
740 0 |a Leonardo /  |c Idea original de Sol 90 ; coord. de J. Ricart ; investigación y texto de A. González Prieto, A. Tello. 
700 |a Ricart, Joan  |e (coordinación) 
700 |a González Prieto, Antonio  |e (investigación y texto) 
700 |a Tello, Antonio  |e (investigación y texto) 
910 |a Fondo Castillo-Martínez 
920 |a Impresos - Libros 
930 |a Fondos Especiales 
905 |a 127 
901 |a 0500261302  |b IT2  |c ESP  |i FXC D  |u 20250521 
902 |a https://opac.biblio.iteso.mx/vufind/Record/000367509